Supersymmetric gauge field theory and string theory / (Record no. 15112)

MARC details
000 -LEADER
fixed length control field 01572pam a2200361 i 4500
001 - CONTROL NUMBER
control field 4905289
003 - CONTROL NUMBER IDENTIFIER
control field EG-ScBUE
005 - DATE AND TIME OF LATEST TRANSACTION
control field 20250429112547.0
008 - FIXED-LENGTH DATA ELEMENTS--GENERAL INFORMATION
fixed length control field 940324r19961994nyua f b 001 0 eng d
020 ## - INTERNATIONAL STANDARD BOOK NUMBER
International Standard Book Number 0750302674 (pbk.)
020 ## - INTERNATIONAL STANDARD BOOK NUMBER
International Standard Book Number 9780750302678
040 ## - CATALOGING SOURCE
Original cataloging agency EG-ScBUE
Language of cataloging eng
Description conventions rda
Transcribing agency EG-ScBUE
Modifying agency EG-ScBUE
082 04 - DEWEY DECIMAL CLASSIFICATION NUMBER
Classification number 530.142
Edition number 22
Item number BAL
100 1# - MAIN ENTRY--PERSONAL NAME
Personal name Bailin, David,
9 (RLIN) 23058
Relator term author.
245 10 - TITLE STATEMENT
Title Supersymmetric gauge field theory and string theory /
Statement of responsibility, etc David Bailin, physics and astronomy subject group, School of Mathematical and Physical Sciences, University of Sussex, Alexander Love, Department of Physics, Royal Holloway and Bedford New College, University of London.
250 ## - EDITION STATEMENT
Edition statement Reprinted with corrections edition.
264 #1 - PUBLICATION, DISTRIBUTION, ETC. (IMPRINT)
Place of publication, distribution, etc New York, N.Y. :
Name of publisher, distributor, etc Tailor & Francis Group,
Date of publication, distribution, etc 1996.
300 ## - PHYSICAL DESCRIPTION
Extent xii, 322 pages :
Other physical details illustrations ;
Dimensions 24 cm.
336 ## - CONTENT TYPE
Source rdacontent
Content type term text
Content type code txt
337 ## - MEDIA TYPE
Media type term unmediated
Source rdamedia
Media type code n
338 ## - CARRIER TYPE
Carrier type term volume
Carrier type code nc
Source rdacarrier
490 0# - SERIES STATEMENT
Series statement Graduate student series in physics
500 ## - GENERAL NOTE
General note Includes Appendices.<br/>
504 ## - BIBLIOGRAPHY, ETC. NOTE
Bibliography, etc Includes bibliographical references and index.
650 #7 - SUBJECT ADDED ENTRY--TOPICAL TERM
Topical term or geographic name as entry element Supersymmetry.
9 (RLIN) 23059
Source of heading or term BUEsh
650 #7 - SUBJECT ADDED ENTRY--TOPICAL TERM
Topical term or geographic name as entry element Supergravity.
9 (RLIN) 23060
Source of heading or term BUEsh
650 #7 - SUBJECT ADDED ENTRY--TOPICAL TERM
Topical term or geographic name as entry element Superstring theories.
9 (RLIN) 23061
Source of heading or term BUEsh
655 ## - INDEX TERM--GENRE/FORM
Form subdivision Reading book
700 1# - ADDED ENTRY--PERSONAL NAME
Personal name Love, Alexander,
9 (RLIN) 23062
Relator term author.
856 42 - ELECTRONIC LOCATION AND ACCESS
Materials specified Publisher description
Uniform Resource Identifier <a href="http://www.loc.gov/catdir/enhancements/fy0661/94010522-d.html">http://www.loc.gov/catdir/enhancements/fy0661/94010522-d.html</a>
942 ## - ADDED ENTRY ELEMENTS (KOHA)
Source of classification or shelving scheme Dewey Decimal Classification
Koha item type Book - Borrowing
Holdings
Withdrawn status Lost status Source of classification or shelving scheme Damaged status Not for loan Collection code Home library Current library Shelving location Date acquired Source of acquisition Cost, normal purchase price Serial Enumeration / chronology Total Checkouts Full call number Barcode Date last seen Price effective from Koha item type
    Dewey Decimal Classification     Baccah Central Library Central Library First floor 14/04/2011   345.00 11997   530.142 BAL 000023238 15/07/2025 14/04/2011 Book - Borrowing